00850 am a2200193 a 450000500170000000800410001702000150005804100080007310000210008124501540010225000110025626000340026730000110030150001890031265300670050165300200056865300320058865300360062020240223121835.0100618s1994||||ag # f |||| 001 0 spa d a9504355099 aspa1 aFrancis, Anibal. 3aLa muerte cerebral. Trasplante de corazón latiente crimen legalizado.bAlegato desde la dualidad del hombre: espiritu y materia / cAnibal Francis. a1a ed. aBuenos Aires: bE.G.A;c1994. a195 p. aFrancis, A. (1994). La muerte cerebral. Trasplante de corazón latiente crimen legalizado. Alegato desde la dualidad del hombre: espíritu y materia. (1a ed.). Buenos Aires : E.G.A.  aTransplantes de órganos y materiales anatómicos. Ley 24193 aMuerte cerebral aPacientes en estado de coma aPacientes que salieron del coma